The Condition of the Working Class in England (Record no. 1009)

000 -LEADER
fixed length control field 00815nam a22002657a 4500
003 - CONTROL NUMBER IDENTIFIER
control field OSt
005 - DATE AND TIME OF LATEST TRANSACTION
control field 20210426114909.0
008 - FIXED-LENGTH DATA ELEMENTS--GENERAL INFORMATION
fixed length control field 210128s1968 ||||| |||| 00| 0 eng d
020 ## - INTERNATIONAL STANDARD BOOK NUMBER
International Standard Book Number 0804706344 paper
020 ## - INTERNATIONAL STANDARD BOOK NUMBER
International Standard Book Number 0804706336 cloth
040 ## - CATALOGING SOURCE
Original cataloging agency eng
Language of cataloging eng
Transcribing agency DLC
041 ## - LANGUAGE CODE
Language code of text/sound track or separate title eng
Language code of original ger
080 ## - UNIVERSAL DECIMAL CLASSIFICATION NUMBER
Universal Decimal Classification number 94
Item number E-55
100 ## - MAIN ENTRY--PERSONAL NAME
9 (RLIN) 711
Personal name Engels, Friedrich
245 ## - TITLE STATEMENT
Title The Condition of the Working Class in England
Statement of responsibility, etc. / by: Stanford University Press
260 ## - PUBLICATION, DISTRIBUTION, ETC.
Place of publication, distribution, etc. Stamford, California
Name of publisher, distributor, etc. Stanford University Press
Date of publication, distribution, etc. 1968
300 ## - PHYSICAL DESCRIPTION
Extent 386 p.
Other physical details ill.
650 #0 - SUBJECT ADDED ENTRY--TOPICAL TERM
9 (RLIN) 252
Topical term or geographic name entry element History
650 #0 - SUBJECT ADDED ENTRY--TOPICAL TERM
9 (RLIN) 446
Topical term or geographic name entry element Economics
653 ## - INDEX TERM--UNCONTROLLED
Uncontrolled term ისტორია
653 ## - INDEX TERM--UNCONTROLLED
Uncontrolled term ეკონომიკა
700 ## - ADDED ENTRY--PERSONAL NAME
9 (RLIN) 712
Personal name Henderson, O., W.
Relator term Translator, Editor
700 ## - ADDED ENTRY--PERSONAL NAME
9 (RLIN) 713
Personal name Chaloner, H., W.
Relator term Translator, Editor
942 ## - ADDED ENTRY ELEMENTS (KOHA)
Source of classification or shelving scheme
Koha item type Books
Holdings
Withdrawn status Lost status Source of classification or shelving scheme Damaged status Not for loan Permanent location Current location Date acquired Inventory number Total Checkouts Full call number Barcode Date last seen Price effective from Koha item type
          Ken Walker International University Ken Walker International University 01/28/2021 2498   94 E-55 2498 01/28/2021 01/28/2021 Books

Powered by Koha